| 000 | 00956nam a22001937a 4500 | ||
|---|---|---|---|
| 008 | 100711s2001 xxu||||| |||| 00| 0 ara d | ||
| 082 |
_222 _a398.204 _bح ج ا |
||
| 100 | 1 |
_916144 _aالحجاجي ، أحمد شمس الدين |
|
| 245 |
_aالنبوءة أو قدر البطل : _bفي السيرة الشعبية العربية / _cأحمد شمس الدين الحجاجي |
||
| 250 | _aط2. | ||
| 260 |
_aالقاهرة : _bالهيئة العامة لقصور الثقافة ، _c2001. |
||
| 300 |
_a159 ص : _bايض ؛ _c22 سم. |
||
| 490 |
_916145 _aمكتبة الدراسات الشعبية _n57 |
||
| 541 |
_aألف باء ؛ _cشراء ؛ |
||
| 650 |
_916146 _aالسير الشعبية العربية |
||
| 650 |
_916147 _aالأدب الشعبي |
||
| 942 |
_2ddc _cBB |
||
| 999 |
_c14455 _d14455 |
||